000
00377nam a2200145Ia 4500
008
090122s9999 xx 000 0 und d
082
_b
8318
_a
891.4683
100
_a
भावे
_b
पु
_c
भा
245
_a
कथामंथन
600
_a
भावे
630
_a
कथामंथन
700
_a
भावे
730
_a
कथामंथन
942
_c
BOOK
999
_c
32395
_d
32395